| 000 | 00374nam a2200157Ia 4500 | ||
|---|---|---|---|
| 999 |
_c810 _d810 |
||
| 003 | OSt | ||
| 005 | 20190927190215.0 | ||
| 008 | 190722s9999 xx 000 0 und d | ||
| 020 | _a978-1133627494 | ||
| 040 | _cmaju | ||
| 100 | _aRicky W.Griffin | ||
| 245 | 0 | _aFundamentals of Management | |
| 260 |
_aSingapore _bCengage learning _c2014 |
||
| 300 | _a490 | ||
| 942 |
_cBK _2ddc |
||